Cvičení z účetnictví. I /

Hlavní autor: Landová, Marie
Korporativní autor: Česká zemědělská univerzita v Praze. Provozně ekonomická fakulta
Další autoři: Čermáková, Helena
Jazyk: Čeština
Vydáno: Praha : Credit, 2002
Vydání: Vyd. 1.
Témata:
Fyzický popis: 86 s., [16] s. příl. ; 29 cm
Knihy
Uloženo v:
LEADER 01861nam a2200385 a 4500
001 000637147
003 CZ BrMZK
005 20070725161128.0
007 ta
008 021119s2002 xr e p cze d
020 |a 80-213-0929-6 
040 |a BOA001  |b cze 
072 7 |a 657  |x Účetnictví  |2 Konspekt  |9 4 
072 7 |a 37.016  |x Učební osnovy. Vyučovací předměty. Učebnice  |2 Konspekt  |9 22 
080 |a 657  |2 MRF 
080 |a (075.8)  |2 MRF 
100 1 |a Landová, Marie  |7 jn20010309227  |4 aut 
245 1 0 |a Cvičení z účetnictví.  |n I /  |c Marie Landová, Helena Čermáková 
250 |a Vyd. 1. 
260 |a Praha :  |b Credit,  |c 2002 
300 |a 86 s., [16] s. příl. ;  |c 29 cm 
500 |a Vydavatel: Česká zemědělská univerzita 
521 |a Určeno pro posluchače oboru PaE, PaA, Info 
650 0 7 |a účetnictví  |7 ph116911  |x úlohy  |2 czenas 
655 7 |a učebnice vysokých škol  |7 fd133772  |2 czenas 
700 1 |a Čermáková, Helena  |7 ola2003188556  |4 aut 
710 2 |a Česká zemědělská univerzita v Praze.  |b Provozně ekonomická fakulta  |7 kn20010725055 
910 |a BOA001  |b 3-1108.623,1 
990 |a BK 
996 6 |b 2610176076  |c 3-1108.623,1  |l MZK  |r Sklad / do 1 hodiny  |n 0  |p p.v.  |w 000637147  |u 000010  |a 1  |e BOA001  |j MZK50  |s P 
996 7 |b 2610184653  |c 3-1108.623,1  |l MZK  |r Sklad / do 1 hodiny  |n 1  |p p.v.  |w 000637147  |u 000020  |a 1  |e BOA001  |j MZK50  |s A 
996 7 |b 2610202824  |c 3-1108.623,1  |l MZK  |r Sklad / do 1 hodiny  |n 2  |p p.v.  |w 000637147  |u 000030  |a 1  |e BOA001  |j MZK50  |s A 
996 7 |b 2610220636  |c 3-1108.623,1  |l MZK  |r Sklad / do 1 hodiny  |n 5  |p p.v. dotisk 2004  |w 000637147  |u 000040  |a 1  |e BOA001  |j MZK50  |s A 
996 7 |b 2610246435  |c 3-1108.623,1  |l MZK  |r Sklad / do 1 hodiny  |n 2  |p p.v. dotisk 2005  |w 000637147  |u 000050  |a 1  |e BOA001  |j MZK50  |s A 
996 7 |b 2610263521  |c 3-1108.623,1  |l MZK  |r Sklad / do 1 hodiny  |n 3  |p p.v. 5. dotisk 2005  |w 000637147  |u 000060  |a 1  |e BOA001  |j MZK50  |s A